<?xml version="1.0" encoding="UTF-8"?>
<record
    xmlns:xsi="http://www.w3.org/2001/XMLSchema-instance"
    xsi:schemaLocation="http://www.loc.gov/MARC21/slim http://www.loc.gov/standards/marcxml/schema/MARC21slim.xsd"
    xmlns="http://www.loc.gov/MARC21/slim">

  <leader>01371nam a2200277 i 4500</leader>
  <controlfield tag="001">115497</controlfield>
  <controlfield tag="003">ES-MaACL</controlfield>
  <controlfield tag="005">20250806070426.0</controlfield>
  <controlfield tag="007">t|</controlfield>
  <controlfield tag="008">070312m18811882sp           |||| | spa d</controlfield>
  <datafield tag="100" ind1="1" ind2=" ">
    <subfield code="a">Guislain, Joseph.</subfield>
    <subfield code="9">60903</subfield>
  </datafield>
  <datafield tag="245" ind1="1" ind2="0">
    <subfield code="a">Lecciones orales sobre las frenopat&#xED;as, o Tratado te&#xF3;rico y pr&#xE1;ctico de las enfermedades mentales </subfield>
    <subfield code="b">: curso dado en la cl&#xED;nica de los establecimientos de enagenados de Gante / </subfield>
    <subfield code="c">por J. Guislain ; versi&#xF3;n espa&#xF1;ola de M. Carreras Sanchis y J. Torres Fabregat ; con un pr&#xF3;logo de Jos&#xE9; Esquerdo y Zaragoza y una carta dirigida a dicho se&#xF1;or sobre los conflictos entre la frenopat&#xED;a y el C&#xF3;digo por &#xC1;ngel Pulido Fern&#xE1;ndez.</subfield>
  </datafield>
  <datafield tag="246" ind1="3" ind2="0">
    <subfield code="a">Tratado te&#xF3;rico y pr&#xE1;ctico de las enfermedades mentales</subfield>
  </datafield>
  <datafield tag="260" ind1=" " ind2=" ">
    <subfield code="a">Madrid : </subfield>
    <subfield code="b">[s. n.], </subfield>
    <subfield code="c">1881-1882 (</subfield>
    <subfield code="f">Imp. de Enrique Teodoro)</subfield>
  </datafield>
  <datafield tag="300" ind1=" " ind2=" ">
    <subfield code="a">2 v. ; </subfield>
    <subfield code="c">23 cm.</subfield>
  </datafield>
  <datafield tag="490" ind1="1" ind2=" ">
    <subfield code="a">Biblioteca econ&#xF3;mica de medicina y ciruj&#xED;a</subfield>
  </datafield>
  <datafield tag="650" ind1=" " ind2="7">
    <subfield code="a">Enfermedades mentales</subfield>
    <subfield code="2">embne</subfield>
    <subfield code="9">12263</subfield>
  </datafield>
  <datafield tag="650" ind1=" " ind2="4">
    <subfield code="a">Psicosis.</subfield>
    <subfield code="9">146480</subfield>
  </datafield>
  <datafield tag="700" ind1="1" ind2=" ">
    <subfield code="a">Carreras Sanch&#xED;s, Manuel.</subfield>
    <subfield code="9">35680</subfield>
  </datafield>
  <datafield tag="700" ind1="1" ind2=" ">
    <subfield code="a">Torres Fabregat, Joaqu&#xED;n.</subfield>
    <subfield code="9">110955</subfield>
  </datafield>
  <datafield tag="700" ind1="1" ind2=" ">
    <subfield code="a">Pulido, &#xC1;ngel,</subfield>
    <subfield code="d">1852-1932</subfield>
    <subfield code="9">149324</subfield>
  </datafield>
  <datafield tag="700" ind1="1" ind2=" ">
    <subfield code="a">Esquerdo, Jos&#xE9; Mar&#xED;a (</subfield>
    <subfield code="d">1842-1912)</subfield>
    <subfield code="9">152584</subfield>
  </datafield>
  <datafield tag="830" ind1="0" ind2=" ">
    <subfield code="a">Biblioteca econ&#xF3;mica de medicina y ciruj&#xED;a</subfield>
    <subfield code="9">186248</subfield>
  </datafield>
  <datafield tag="852" ind1=" " ind2=" ">
    <subfield code="a">ES-MaACL</subfield>
    <subfield code="j">B-12707-08</subfield>
  </datafield>
  <datafield tag="999" ind1=" " ind2=" ">
    <subfield code="c">115497</subfield>
    <subfield code="d">115497</subfield>
  </datafield>
  <datafield tag="952" ind1=" " ind2=" ">
    <subfield code="0">0</subfield>
    <subfield code="1">0</subfield>
    <subfield code="4">0</subfield>
    <subfield code="7">0</subfield>
    <subfield code="8">LIBXIX</subfield>
    <subfield code="a">ATENEOM</subfield>
    <subfield code="b">ATENEOM</subfield>
    <subfield code="c">SPB</subfield>
    <subfield code="d">2008-01-17</subfield>
    <subfield code="e">SC</subfield>
    <subfield code="l">0</subfield>
    <subfield code="o">B-12707-08</subfield>
    <subfield code="p">1120426</subfield>
    <subfield code="r">2023-02-23 00:00:00</subfield>
    <subfield code="w">2023-02-23</subfield>
    <subfield code="y">MONANT</subfield>
  </datafield>
</record>
